[Event "MGL-HUN Friendship Cup 2019"]
[Site "Debrecen"]
[Date "2019.09.12"]
[Round "5.1"]
[White "Baklan, Vladimir"]
[Black "Lajthajm, Borko"]
[Result "1-0"]
[WhiteElo "2604"]
[BlackElo "2414"]
[Annotator "TA"]
[PlyCount "31"]
[EventDate "2019.09.09"]
[EventType "tourn"]
[EventCountry "HUN"]
[SourceTitle "playchess.com"]
[Source "ChessBase"]
[SourceQuality "1"]

{[%evp 14,21,75,58,126,132,543,545,535,517]} 1. e4 d6 2. d4 Nf6 3. Nc3 c6 4. f4 Qa5 5. Bd3 e5 6. Nf3 Bg4 7. Be3 exf4 8. Bxf4 Qb4 {[#] B07: Pirc Defence: Miscellaneous Systems} ({Black should play} 8... Qb6 $14) (8... Qb6 9. a3 Nbd7 10. Be3 Ne5 11. Be2 Nxf3+ 12. gxf3 Be6 13. Qd2 d5 14. O-O-O Be7 15. f4 g6 16. Rhf1 {1-0 (86) Ivanchuk,V (2711)-Azmaiparashvili,Z (2676) Kocaeli 2002}) 9. a3 $1 $16 {[%cal Ra3b4]} Qxb2 $2 {[%mdl 8192]} (9... Bxf3 $16 10. axb4 Bxd1) 10. Na4 $18 Bxf3 11. gxf3 ({Weaker is} 11. Nxb2 Bxd1 12. Nxd1 (12. Rxd1 d5 $11) 12... Nbd7 $11) {Predecessor:} 11... Qxa1 $146 12. Qxa1 Nbd7 13. Qb2 b5 14. Nc3 a5 15. d5 b4 16. dxc6 {1-0 (26) Cornette,D (2391)-Leonardi,C (2040) Rijeka 2015} 1-0

[Event "MGL-HUN Friendship Cup 2019"]
[Site "Debrecen"]
[Date "2019.09.12"]
[Round "5.2"]
[White "Nomin-Erdene, Davaademberel"]
[Black "Kovchan, Alexander"]
[Result "1/2-1/2"]
[WhiteElo "2377"]
[BlackElo "2567"]
[Annotator "TA"]
[PlyCount "38"]
[EventDate "2019.09.09"]
[EventType "tourn"]
[EventCountry "HUN"]
[SourceTitle "playchess.com"]
[Source "ChessBase"]
[SourceQuality "1"]

{[%evp 21,22,0,17]} 1. e4 c5 2. Nf3 d6 3. d4 cxd4 4. Nxd4 Nf6 5. Nc3 a6 6. Be3 Ng4 7. Bc1 Nf6 8. Be3 e5 9. Nf3 Be7 10. Bc4 O-O 11. O-O Nc6 {Predecessor:} 12. Re1 $146 Be6 13. Nd5 Bxd5 14. exd5 b5 15. Bf1 Nb4 16. c4 bxc4 17. Bxc4 Qa5 18. Bd2 Qb6 19. Nh4 g6 {1-0 (60) Karjakin,S (2753)-Yilmaz,M (2636) St Petersburg 2018} 1/2-1/2

[Event "MGL-HUN Friendship Cup 2019"]
[Site "Debrecen"]
[Date "2019.09.12"]
[Round "5.3"]
[White "Varga, Zoltan"]
[Black "Laketic, Gojko"]
[Result "1/2-1/2"]
[WhiteElo "2437"]
[BlackElo "2367"]
[Annotator "TA"]
[PlyCount "36"]
[EventDate "2019.09.09"]
[EventType "tourn"]
[EventCountry "HUN"]
[SourceTitle "playchess.com"]
[Source "ChessBase"]
[SourceQuality "1"]

{[%evp 11,36,3,16,0,0,-13,0,-17,-22,-10,-13,-40,-28,-38,-35,-43,-34,-29,-17,-54,-27,-35,-43,-31,-21,-24,-21]} 1. e4 e5 2. Nf3 Nc6 3. Bb5 a6 4. Ba4 Nf6 5. d3 d6 6. c4 g6 7. h3 {C77: Ruy Lopez: 3...a6 4 Ba4 Nf6, unusual lines} Bg7 8. Nc3 O-O (8... Nd7 9. Bg5 f6 10. Be3 Nc5 11. Bxc6+ bxc6 12. Bxc5 dxc5 13. Qa4 Qd6 14. Qa5 Bh6 {0-1 (67) Nisipeanu,L (2680)-Gonda,L (2527) Budapest 2019}) 9. Bg5 {The position is equal.} h6 10. Be3 Nd7 11. Bxc6 bxc6 12. Qd2 Kh7 $1 13. d4 exd4 14. Bxd4 $146 ({Predecessor:} 14. Nxd4 Ne5 15. b3 c5 {½-½ (35) Rohwer,P-Zaderman,Y USA 1991}) 14... f6 15. O-O-O Qe7 16. b3 Bb7 17. Rhe1 Qf7 18. Na4 c5 {Accuracy: White = 56%, Black = 88%.} 1/2-1/2

[Event "MGL-HUN Friendship Cup 2019"]
[Site "Debrecen"]
[Date "2019.09.12"]
[Round "6.1"]
[White "Lajthajm, Borko"]
[Black "Laketic, Gojko"]
[Result "1-0"]
[WhiteElo "2414"]
[BlackElo "2367"]
[Annotator "TA"]
[PlyCount "131"]
[EventDate "2019.09.09"]
[EventType "tourn"]
[EventCountry "HUN"]
[SourceTitle "playchess.com"]
[Source "ChessBase"]
[SourceQuality "1"]

{[%evp 20,131,72,-10,-14,1,-6,-9,-8,-20,-13,-16,-10,-10,-9,-19,-6,-22,-16,-50,-4,0,0,0,16,0,19,14,53,43,48,36,57,47,52,42,42,42,42,42,42,42,52,56,43,44,73,65,107,89,169,161,222,235,234,237,243,209,212,231,304,256,347,91,797,791,761,757,1032,1103,1080,1061,1054,979,1171,1162,1372,1354,1350,1326,1267,1154,951,720,693,685,1187,1179,1414,1312,1633,1579,1658,1566,29974,29975,29975,29976,29976,29977,29983,29984,29984,29985,29985,29985,29985,29986,29986,29987,29986,29987,29988,29987]} 1. e4 Nf6 2. e5 Nd5 3. c4 Nb6 4. d4 d6 5. exd6 cxd6 6. Nc3 g6 7. Be3 Bg7 8. Rc1 O-O 9. Nf3 Bg4 10. Be2 Nc6 {[#]} 11. b3 (11. d5 $1 $16 {[%cal Rd5c6]} Bxf3 12. gxf3) 11... d5 $11 {B04: Alekhine's Defence: 4 Nf3} 12. c5 Nc8 13. b4 a6 {The position is equal.} 14. a3 $146 (14. Rb1 e6 15. a4 N8e7 16. b5 axb5 17. axb5 Bxf3 18. Bxf3 Na5 19. O-O {0-1 (31) Pourramezanali,A (2525)-Maghsoodloo,P (2594) Amol 2018}) 14... Bxf3 15. Bxf3 e6 16. O-O N8e7 17. Ne2 Nf5 18. Qd2 h5 19. Rfd1 Kh7 20. g3 Nxe3 21. fxe3 Bh6 22. Nf4 Re8 23. Rf1 f5 24. h4 Qf6 25. Rcd1 Rg8 26. Kf2 Qf7 27. a4 a5 28. b5 Nb4 29. Rh1 Rge8 30. Qc3 Qc7 31. Nd3 Nxd3+ 32. Rxd3 Rec8 33. Rb1 Qe7 34. b6 Qd7 (34... Bg7 $16 {is a better defense.}) 35. Rb5 $18 Rg8 (35... Bf8 $142 36. Rd1 (36. Rxa5 Rxa5 37. Qxa5 e5 $16) 36... Ra6) 36. Rxa5 Rxa5 37. Qxa5 g5 38. hxg5 Bxg5 39. Rd1 ({Much less strong is} 39. Bxh5 $6 Qg7 $16) 39... Bh6 40. Rh1 ({Stronger than} 40. Bxh5 Qg7 $17) 40... Qg7 41. Rxh5 $2 (41. Qc3 $18 {and White stays clearly on top.}) 41... f4 $2 {[%mdl 8192]} (41... Qxg3+ $16 42. Ke2 Qg1) 42. gxf4 Qg1+ 43. Ke2 Rg2+ 44. Bxg2 Qxg2+ {[%mdl 4096] Endgame KQR-KQB} 45. Ke1 Qg1+ 46. Kd2 Qf2+ 47. Kd3 Qf1+ {[#]} 48. Kc2 $1 Qe2+ 49. Qd2 Qxh5 50. Qd3+ Kg7 51. a5 Qe8 52. Kb3 Qc8 53. Kb4 Kf6 {[#]} 54. a6 $1 {[%mdl 512]} bxa6 55. Ka5 Bf8 56. Qxa6 Qc6 57. b7 {White mates.} Qc7+ 58. Qb6 Qb8 59. Ka6 Be7 60. Qa7 Bd6 61. cxd6 Qxd6+ 62. Qb6 Qb8 63. Qc5 Qe8 64. Ka7 Qa4+ 65. Kb6 Qb3+ 66. Kc7 {Accuracy: White = 66%, Black = 36%.} 1-0

[Event "MGL-HUN Friendship Cup 2019"]
[Site "Debrecen"]
[Date "2019.09.12"]
[Round "6.2"]
[White "Varga, Zoltan"]
[Black "Kovchan, Alexander"]
[Result "1/2-1/2"]
[WhiteElo "2437"]
[BlackElo "2567"]
[Annotator "ChessBase"]
[PlyCount "24"]
[EventDate "2019.09.09"]
[EventType "tourn"]
[EventCountry "HUN"]
[SourceTitle "playchess.com"]
[Source "ChessBase"]
[SourceQuality "1"]
[TimeControl "40/5400+30:900+30"]

1. e4 {[%emt 0:00:04]} c5 {[%emt 0:00:09]} 2. Nf3 {[%emt 0:00:05]} d6 {[%emt 0:00:08]} 3. d4 {[%emt 0:00:07]} cxd4 {[%emt 0:00:09]} 4. Qxd4 {[%emt 0:00:15]} Nc6 {[%emt 0:02:02]} 5. Qe3 {[%emt 0:01:41]} Nf6 {[%emt 0:00:30]} 6. h3 {[%emt 0:00:29]} g6 {[%emt 0:00:23]} 7. Be2 {[%emt 0:00:22]} Bg7 {[%emt 0:00:26]} 8. O-O {[%emt 0:00:19]} O-O {[%emt 0:00:27]} 9. Nc3 {[%emt 0:03:00]} Nd7 {[%emt 0:04:07]} 10. Rd1 {[%emt 0:08:14]} Qb6 {[%emt 0:02:44]} 11. Qxb6 Nxb6 {[%emt 0:00:33]} 12. Nd5 {[%emt 0:05:28]} Be6 {[%emt 0:07:12]} 1/2-1/2

[Event "MGL-HUN Friendship Cup 2019"]
[Site "Debrecen"]
[Date "2019.09.12"]
[Round "6.3"]
[White "Nomin-Erdene, Davaademberel"]
[Black "Baklan, Vladimir"]
[Result "1/2-1/2"]
[WhiteElo "2377"]
[BlackElo "2604"]
[Annotator "TA"]
[PlyCount "41"]
[EventDate "2019.09.09"]
[EventType "tourn"]
[EventCountry "HUN"]
[SourceTitle "playchess.com"]
[Source "ChessBase"]
[SourceQuality "1"]

{[%evp 13,41,16,13,14,17,18,14,7,16,8,14,4,10,15,15,15,15,17,19,12,22,14,20,20,22,23,23,28,32,0]} 1. e4 e6 2. d4 d5 3. exd5 exd5 4. Nf3 Nf6 5. Bd3 Bd6 6. Qe2+ Qe7 7. Qxe7+ Kxe7 8. O-O {C01: French: Exchange Variation} Nc6 9. Re1+ Kf8 10. c3 {The position is equal.} h6 $146 ({Predecessor:} 10... Bg4 11. Nh4 Ne7 12. g3 Re8 13. Nd2 g6 14. Ndf3 Kg7 15. Ne5 Be6 {½-½ (30) Kovalev,V (2636)-Duda,J (2706) Heraklio 2017}) 11. Na3 {[%cal Bb1a3,Ba3c2,Bc2e3][%mdl 32]} a6 $1 12. Ne5 Ne7 13. Nc2 Bf5 14. Ne3 Bxd3 15. Nxd3 g6 16. b3 Kg7 17. a4 Rhe8 18. Ba3 Bxa3 19. Rxa3 a5 20. Ra2 Nc8 21. Rae2 {Accuracy: White = 58%, Black = 97%.} 1/2-1/2

[Event "MGL-HUN Friendship Cup 2019"]
[Site "Debrecen"]
[Date "2019.09.13"]
[Round "7.1"]
[White "Nomin-Erdene, Davaademberel"]
[Black "Lajthajm, Borko"]
[Result "1-0"]
[WhiteElo "2377"]
[BlackElo "2414"]
[Annotator "NA"]
[PlyCount "103"]
[EventDate "2019.09.09"]
[EventType "tourn"]
[EventCountry "HUN"]
[SourceTitle "playchess.com"]
[Source "ChessBase"]
[SourceQuality "1"]
[TimeControl "40/5400+30:900+30"]

1. e4 {[%emt 0:00:04]} e5 {[%emt 0:00:13]} 2. Nf3 {[%emt 0:00:18]} Nc6 {[%emt 0:00:21]} 3. Bb5 {[%emt 0:00:18]} a6 {[%emt 0:00:28]} 4. Bxc6 {[%emt 0:00:50]} dxc6 {[%emt 0:00:28]} 5. O-O {[%emt 0:00:15]} Qf6 {[%emt 0:00:37]} 6. d4 {[%emt 0:04:22] C68: Ruy Lopez: Exchange Variation, sidelines} exd4 {[%emt 0:00:58]} 7. Bg5 {[%emt 0:01:49]} Qg6 {[%emt 0:03:57]} (7... Qd6 8. Nxd4 Be7 9. Bxe7 Nxe7 10. Nc3 Bd7 11. Nde2 O-O-O 12. Qc1 Ng6 13. Qe3 Kb8 {0-1 (39) Naiditsch,A (2695)-Svidler,P (2735) Karlsruhe/Baden Baden 2019}) 8. Qxd4 {[%emt 0:01:46]} Bg4 {[%emt 0:01:03]} 9. Nbd2 {[%emt 0:02:43]} Be7 {[%emt 0:04:39]} 10. Bxe7 $146 {[%emt 0:06:40]} ({Predecessor:} 10. Bf4 Bd6 11. Nh4 Qf6 12. e5 Bc5 13. Qxc5 Qxf4 {1-0 (48) Sanchez Carol,J (1877)-Ausan,L (1405) LSS email 2007}) 10... Nxe7 {[%emt 0:00:09]} 11. Ne5 {[%emt 0:00:40]} Qf6 {[%emt 0:01:29]} 12. Qc5 {[%emt 0:04:25]} h5 {[%emt 0:07:41]} 13. f4 {[%emt 0:04:28]} Qd6 {[%emt 0:06:02]} 14. Qf2 {[%emt 0:02:36]} Rd8 {[%emt 0:00:46]} 15. Nb3 {[%emt 0:02:23]} Be6 {[%emt 0:02:07]} 16. c4 {[%emt 0:02:38]} Bc8 {[%emt 0:10:46]} 17. Qf3 {[%emt 0:09:01]} Qh6 {[%emt 0:00:45]} 18. Rae1 {[%emt 0:02:19]} O-O {[%emt 0:01:19]} 19. Qc3 $11 {[%emt 0:03:01]} f6 {[%emt 0:11:25]} 20. Nd3 {[%emt 0:01:46]} b6 {[%emt 0:00:18]} 21. c5 {[%emt 0:09:10]} a5 {[%emt 0:02:13]} 22. f5 {[%emt 0:02:05]} Rfe8 {[%emt 0:11:56]} 23. Nf4 {[%emt 0:05:00]} h4 {[%emt 0:04:57]} 24. Nd4 {[%emt 0:02:05]} Bd7 {[%emt 0:03:17]} 25. Nde6 {[%emt 0:08:17]} Bxe6 {[%emt 0:00:46]} 26. Nxe6 {[%emt 0:00:17]} Rd7 {[%emt 0:01:12]} 27. Rd1 {[%emt 0:01:20]} Rxd1 {[%emt 0:04:05]} 28. Rxd1 {[%emt 0:00:05]} Qh5 {[%emt 0:02:27]} 29. Qe1 {[%emt 0:00:54]} Nxf5 {[%emt 0:06:58]} 30. exf5 {[%emt 0:10:05]} Qxf5 {[%emt 0:00:40]} 31. Rd8 {[%emt 0:00:10]} Rxd8 {[%emt 0:02:28]} 32. Nxd8 {[%emt 0:00:09]} Qxc5+ {[%emt 0:02:11]} 33. Kh1 {[%emt 0:01:41]} Qc2 {[%emt 0:02:42]} 34. h3 {[%emt 0:02:46]} Qxb2 {[%emt 0:00:44]} 35. Qe8+ {[%emt 0:01:26]} Kh7 {[%emt 0:00:17]} 36. Qe4+ {[%emt 0:01:05]} Kg8 {[%emt 0:00:12]} 37. Qc4+ {[%emt 0:00:27]} Kh7 {[%emt 0:00:55]} 38. Qxh4+ {[%emt 0:00:30]} Kg8 {[%emt 0:00:29]} 39. Qc4+ {[%emt 0:00:20]} Kh7 {[%emt 0:00:28]} 40. Nxc6 {[%emt 0:00:00]} b5 {[%emt 0:00:00]} 41. Qe4+ {[%emt 0:01:40]} Kh6 {[%emt 0:01:53]} 42. Ne7 {[%emt 0:00:33]} Qa1+ {[%emt 0:00:18]} 43. Kh2 {[%emt 0:00:11]} Qe5+ {[%emt 0:00:18]} 44. Qxe5 {[%emt 0:00:07]} fxe5 {[%emt 0:00:07]} 45. Nc6 {[%emt 0:00:18]} Kg5 {[%emt 0:00:55]} 46. Kg3 {[%emt 0:00:32]} Kf5 {[%emt 0:00:26]} 47. Kf3 {[%emt 0:00:15]} a4 {[%emt 0:00:31]} 48. g4+ {[%emt 0:00:29]} Kg5 {[%emt 0:00:47]} 49. Kg3 {[%emt 0:00:27]} g6 {[%emt 0:02:03]} 50. h4+ {[%emt 0:00:24]} Kf6 {[%emt 0:00:07]} 51. Kf3 {[%emt 0:00:07]} Ke6 {[%emt 0:00:24]} 52. Ke4 {[%emt 0:00:09] Kd5+} 1-0

[Event "MGL-HUN Friendship Cup 2019"]
[Site "Debrecen"]
[Date "2019.09.13"]
[Round "7.2"]
[White "Baklan, Vladimir"]
[Black "Varga, Zoltan"]
[Result "1/2-1/2"]
[WhiteElo "2604"]
[BlackElo "2437"]
[Annotator "TA"]
[PlyCount "98"]
[EventDate "2019.09.09"]
[EventType "tourn"]
[EventCountry "HUN"]
[SourceTitle "playchess.com"]
[Source "ChessBase"]
[SourceQuality "1"]

{[%evp 10,98,38,38,59,42,51,60,45,56,119,120,104,68,63,55,46,42,32,35,54,95,74,69,85,85,160,132,160,126,117,122,120,129,175,185,172,177,218,212,213,141,169,159,168,168,150,138,167,163,187,148,229,41,31,11,39,0,0,0,0,-18,0,0,0,0,0,0,0,-22,0,0,0,0,0,-25,0,0,0,0,0,0,0,0,0,0,0,0,0,0,0]} 1. e4 Nf6 2. e5 Nd5 3. d4 d6 4. c4 Nb6 5. exd6 exd6 6. Nc3 Bf5 {B03: Alekhine's Defence: Four Pawns Attack} 7. Be3 Nc6 8. Nf3 Be7 {White is slightly better.} 9. d5 Ne5 (9... Nb4 $14) 10. Nxe5 $16 dxe5 11. Qh5 $146 ({Predecessor:} 11. c5 Nd7 12. g4 Bg6 13. d6 cxd6 14. cxd6 Bg5 15. Bxg5 Qxg5 {1-0 (26) Sveshnikov,E (2512)-Dahl,I (2137) Novi Sad 2017}) 11... g6 12. Qe2 Bb4 13. g4 Bd7 14. Bg2 Qe7 15. O-O $36 {[%mdl 2048] Threatens to win with Ne4. White has strong initiative.} O-O 16. Rac1 Bxc3 17. Rxc3 {c5 is the strong threat.} c5 (17... c6 $142) 18. f4 f5 19. gxf5 exf4 20. Rxf4 {Strongly threatening Re4.} Bxf5 21. Qd2 Qd6 22. Rf2 Rae8 23. b3 Nd7 {[#]} 24. Bf4 $1 {[%cal Rf4d6]} Qf6 25. Re3 Qd4 {[#]} 26. d6 $1 Qxd2 27. Rxd2 Rxe3 28. Bxe3 b6 29. Bg5 {Hoping for Re2.} Bg4 30. Rd3 Rf5 (30... Re8 $16) 31. Be7 $2 (31. Bd5+ $18 Kf8 32. Bh6+ Ke8 33. Bg7) 31... Re5 $14 32. Kf2 Re2+ {[%mdl 64] Double Attack} (32... Bf5 $5 {[%cal Rf5d3]} 33. Bd5+ Be6 $14) 33. Kg3 (33. Kf1 $5 {[%cal Rd3g3]} Rxa2 34. Rg3 $11) 33... Bf5 34. Bd5+ Kg7 35. Rf3 Rxa2 36. Re3 {And now Bg5 would win.} Rd2 37. Bg5 {Re7+ would kill now.} Rd3 38. Rxd3 Bxd3 $11 {[%mdl 4096] Endgame KBB-KBN} 39. Kf4 Kf8 40. Be7+ Ke8 41. Bc6 Bc2 42. Ba4 h6 43. h4 {The position is equal.} a6 44. Ke3 b5 45. cxb5 axb5 46. Bxb5 Bxb3 47. Kd3 Be6 48. Kc3 Kf7 49. Bxd7 Bxd7 {Accuracy: White = 61%, Black = 53%.} 1/2-1/2

[Event "MGL-HUN Friendship Cup 2019"]
[Site "Debrecen"]
[Date "2019.09.13"]
[Round "7.3"]
[White "Kovchan, Alexander"]
[Black "Laketic, Gojko"]
[Result "1-0"]
[WhiteElo "2567"]
[BlackElo "2367"]
[Annotator "ChessBase"]
[PlyCount "65"]
[EventDate "2019.09.09"]
[EventType "tourn"]
[EventCountry "HUN"]
[SourceTitle "playchess.com"]
[Source "ChessBase"]
[SourceQuality "1"]
[TimeControl "40/5400+30:900+30"]

1. e4 {[%emt 0:00:06]} c5 {[%emt 0:00:44]} 2. Nf3 {[%emt 0:00:12]} Nc6 {[%emt 0:01:06]} 3. d4 {[%emt 0:00:12]} cxd4 {[%emt 0:00:05]} 4. Nxd4 {[%emt 0:00:09]} g6 {[%emt 0:00:26]} 5. c4 {[%emt 0:00:49]} Nf6 {[%emt 0:00:32]} 6. Nc3 {[%emt 0:00:11]} d6 {[%emt 0:00:03]} 7. f3 {[%emt 0:00:57]} Bg7 {[%emt 0:01:19]} 8. Be3 {[%emt 0:00:12]} O-O {[%emt 0:01:59]} 9. Qd2 {[%emt 0:01:31]} Bd7 {[%emt 0:02:51]} 10. Be2 {[%emt 0:02:17]} Nxd4 {[%emt 0:02:14]} 11. Bxd4 {[%emt 0:00:04]} Bc6 {[%emt 0:00:08]} 12. b4 {[%emt 0:03:15]} a5 {[%emt 0:22:28]} 13. b5 {[%emt 0:00:33]} Be8 {[%emt 0:00:02]} 14. h4 {[%emt 0:09:08]} a4 {[%emt 0:10:29]} 15. g4 {[%emt 0:02:27]} Qa5 {[%emt 0:02:44]} 16. h5 {[%emt 0:02:02]} Bd7 {[%emt 0:18:12]} 17. Qe3 {[%emt 0:15:56]} Be6 {[%emt 0:04:00]} 18. Kf2 {[%emt 0:18:17]} Rac8 {[%emt 0:04:45]} 19. Nd5 {[%emt 0:03:22]} Bxd5 {[%emt 0:08:25]} 20. exd5 {[%emt 0:01:33]} Qc7 {[%emt 0:02:23]} 21. Bd3 {[%emt 0:14:56]} Qd7 {[%emt 0:01:10]} 22. h6 {[%emt 0:02:05]} Bh8 {[%emt 0:01:14]} 23. Bf5 {[%emt 0:00:12]} Qc7 {[%emt 0:12:12]} 24. Bxc8 {[%emt 0:00:18]} Qxc8 {[%emt 0:00:38]} 25. g5 {[%emt 0:03:21]} e5 {[%emt 0:01:37]} 26. dxe6 {[%emt 0:01:36]} Ng4+ {[%emt 0:00:16]} 27. fxg4 {[%emt 0:00:10]} fxe6+ {[%emt 0:00:03]} 28. Bf6 {[%emt 0:01:57]} Bxf6 {[%emt 0:00:08]} 29. gxf6 {[%emt 0:00:05]} Rxf6+ {[%emt 0:00:04]} 30. Kg3 {[%emt 0:00:18]} Qxc4 {[%emt 0:00:22]} 31. Rhc1 {[%emt 0:00:27]} Qxb5 {[%emt 0:00:49]} 32. g5 {[%emt 0:01:15]} Rf8 {[%emt 0:00:37]} 33. Qxe6+ {[%emt 0:00:18]} 1-0

[Event "MGL-HUN Friendship Cup 2019"]
[Site "Debrecen"]
[Date "2019.09.13"]
[Round "8.1"]
[White "Lajthajm, Borko"]
[Black "Kovchan, Alexander"]
[Result "0-1"]
[WhiteElo "2414"]
[BlackElo "2567"]
[Annotator "TA"]
[PlyCount "70"]
[EventDate "2019.09.09"]
[EventType "tourn"]
[EventCountry "HUN"]
[SourceTitle "playchess.com"]
[Source "ChessBase"]
[SourceQuality "1"]

{[%evp 19,70,-40,-45,-34,-36,-47,-46,-42,-38,-58,-68,-77,-70,-95,-89,-91,-95,-92,-92,-85,-92,-92,-91,-95,-91,-91,-94,-86,-104,-89,-65,-87,-102,-98,-97,-91,-94,-226,-200,-241,-239,-222,-229,-201,-192,-195,-209,-221,-237,-323,-336,-950,-915]} 1. e4 c5 2. c3 d5 3. exd5 Qxd5 4. Nf3 Nf6 5. Na3 Nc6 6. d4 Bg4 7. Be2 cxd4 8. Nb5 O-O-O 9. Nbxd4 e5 10. Nxc6 Qxc6 11. Qb3 {B22: Sicilian: 2 c3} Be6 (11... Bc5 12. O-O Qc7 13. Bg5 Rd6 14. Qa4 e4 15. Bxf6 Rxf6 16. Qxe4 Rf4 17. Qc2 h5 18. Rac1 Rh6 {0-1 (43) Managadze,N (2440)-Kotronias,V (2599) Athens 2004}) 12. Qb5 Qxb5 13. Bxb5 {Black is slightly better.} Bc5 14. Be3 $146 ({Predecessor:} 14. Nxe5 Rd5 15. Nd3 Rhd8 16. O-O Rxd3 17. Bxd3 Rxd3 18. Bf4 Nh5 {0-1 (34) Eichhorn,A (1945)-Probat,B (1990) Austria 1996}) 14... Bxe3 15. fxe3 Rd6 $36 {[%mdl 2048] Black has some pressure.} 16. Be2 Ng4 17. e4 Ne3 18. Kf2 Ng4+ 19. Ke1 Rhd8 20. Ng5 Nf6 21. Nxe6 fxe6 22. Rd1 Rb6 23. b3 Nxe4 24. Rf1 Nxc3 (24... Rxd1+ {seems wilder.} 25. Bxd1 Nxc3 26. Rf8+ Kc7 27. Rf7+ Kd6) 25. Rxd8+ Kxd8 $17 {[%mdl 4096] Endgame KRB-KRN} 26. Rf7 Nxa2 27. Rxg7 Rxb3 28. Rxh7 {[#]} (28. Bc4 $17 Rb2 29. Bxe6) 28... Rb1+ $1 $19 29. Kd2 Rb2+ 30. Ke3 Nc3 31. Bf3 Nd5+ 32. Kd3 Rb4 33. h4 Rd4+ 34. Kc2 {[#]} e4 $1 {[%cal Re4f3]} 35. Bg4 $2 (35. Bh5) 35... Ne3+ {[%mdl 64] Double Attack. Accuracy: White = 41%, Black = 96%.} 0-1

[Event "MGL-HUN Friendship Cup 2019"]
[Site "Debrecen"]
[Date "2019.09.13"]
[Round "8.2"]
[White "Laketic, Gojko"]
[Black "Baklan, Vladimir"]
[Result "*"]
[WhiteElo "2367"]
[BlackElo "2604"]
[Annotator "TA"]
[PlyCount "46"]
[EventDate "2019.09.09"]
[EventType "tourn"]
[EventCountry "HUN"]
[SourceTitle "playchess.com"]
[Source "ChessBase"]
[SourceQuality "1"]

{[%evp 15,46,4,11,-16,0,-15,0,-10,-8,-20,-10,-16,-11,-19,-22,-27,-21,-18,-14,-24,-26,-19,-10,-22,-3,-12,-14,-17,-20,-29,-29,-29,-29]} 1. d4 Nf6 2. c4 e6 3. Nf3 b6 4. g3 c6 5. Bg2 Be7 6. O-O O-O 7. Nc3 d5 8. Ne5 Ba6 9. b3 {E06: Closed Catalan: Early deviations} (9. Qa4 Qe8 10. cxd5 cxd5 11. Qxe8 Rxe8 12. a4 Rc8 13. Bf4 Nc6 14. Nxc6 Rxc6 15. Rfc1 Rac8 16. Nb5 Rxc1+ 17. Rxc1 Rxc1+ 18. Bxc1 Bxb5 19. axb5 {½-½ (40) Tabatabaei,M (2600)-Andreikin,D (2725) Astana 2019}) 9... Nfd7 10. Nxd7 Nxd7 11. cxd5 {The position is equal.} cxd5 12. Bb2 Rc8 13. Qd2 $146 ({Predecessor:} 13. Rc1 Nf6 14. Re1 Qd7 15. a3 Rfd8 16. e3 Qe8 {0-1 (54) Jackson,L (1909)-Dive,R (2320) Mt Maunganui 2016}) 13... Nf6 14. Rfc1 Qd7 15. Rc2 Rc7 16. Rac1 Rfc8 17. Qd1 h6 18. e3 Bb4 19. Nb1 Rc6 20. Rxc6 Rxc6 21. Rxc6 Qxc6 22. Bf1 Bxf1 23. Kxf1 g5 {Accuracy: White = 27%, Black = 68%.} *

[Event "MGL-HUN Friendship Cup 2019"]
[Site "Debrecen"]
[Date "2019.09.13"]
[Round "8.3"]
[White "Varga, Zoltan"]
[Black "Nomin-Erdene, Davaademberel"]
[Result "1/2-1/2"]
[WhiteElo "2437"]
[BlackElo "2377"]
[Annotator "NA"]
[PlyCount "40"]
[EventDate "2019.09.09"]
[EventType "tourn"]
[EventCountry "HUN"]
[SourceTitle "playchess.com"]
[Source "ChessBase"]
[SourceQuality "1"]
[TimeControl "40/5400+30:900+30"]

1. c4 {[%emt 0:00:05]} c6 {[%emt 0:00:11]} 2. e4 {[%emt 0:00:31]} d5 {[%emt 0:00:39]} 3. exd5 {[%emt 0:04:10]} cxd5 {[%emt 0:00:18]} 4. d4 {[%emt 0:00:07]} Nf6 {[%emt 0:03:09]} 5. Nc3 {[%emt 0:00:47]} Nc6 {[%emt 0:01:49]} 6. Nf3 {[%emt 0:05:33]} Bg4 {[%emt 0:09:13]} 7. cxd5 {[%emt 0:02:58]} Nxd5 {[%emt 0:00:35]} 8. Qb3 {[%emt 0:03:46]} Bxf3 {[%emt 0:03:10]} 9. gxf3 {[%emt 0:00:19]} e6 {[%emt 0:00:26]} 10. Qxb7 {[%emt 0:00:38]} Nxd4 {[%emt 0:01:46]} 11. Bb5+ {[%emt 0:04:03]} Nxb5 {[%emt 0:00:15]} 12. Qc6+ {[%emt 0:01:07]} Ke7 {[%emt 0:00:33]} 13. Qxb5 {[%emt 0:00:21]} Qd7 {[%emt 0:02:25]} 14. Nxd5+ {[%emt 0:01:20]} Qxd5 {[%emt 0:00:19]} 15. Qxd5 {[%emt 0:00:00]} exd5 {[%emt 0:00:06]} 16. Be3 {[%emt 0:01:19]} Ke6 {[%emt 0:00:28]} 17. O-O-O {[%emt 0:04:00]} Bb4 {[%emt 0:07:21]} 18. Rd3 {[%emt 0:02:53]} Rhc8+ {[%emt 0:02:22]} 19. Kb1 {[%emt 0:00:31]} Bc5 {[%emt 0:04:58]} 20. Rhd1 {[%emt 0:04:07]} Ke5 1/2-1/2

[Event "MGL-HUN Friendship Cup 2019"]
[Site "Debrecen"]
[Date "2019.09.14"]
[Round "9.1"]
[White "Varga, Zoltan"]
[Black "Lajthajm, Borko"]
[Result "1/2-1/2"]
[WhiteElo "2437"]
[BlackElo "2414"]
[Annotator "NA"]
[PlyCount "32"]
[EventDate "2019.09.09"]
[EventType "tourn"]
[EventCountry "HUN"]
[SourceTitle "playchess.com"]
[Source "ChessBase"]
[SourceQuality "1"]
[TimeControl "40/5400+30:900+30"]

1. e4 {[%emt 0:00:03]} e6 {[%emt 0:00:07]} 2. d4 {[%emt 0:00:30]} d5 {[%emt 0:00:07]} 3. Nc3 {[%emt 0:00:06]} dxe4 {[%emt 0:00:17]} 4. Nxe4 {[%emt 0:00:04]} Bd7 {[%emt 0:00:15]} 5. Nf3 {[%emt 0:00:43]} Bc6 {[%emt 0:00:08]} 6. Bd3 {[%emt 0:01:01]} Nd7 {[%emt 0:00:19]} 7. O-O {[%emt 0:00:24]} Ngf6 {[%emt 0:01:04]} 8. Ng3 {[%emt 0:00:35]} Be7 {[%emt 0:02:06]} 9. Re1 {[%emt 0:02:38]} O-O {[%emt 0:00:48]} 10. c3 {[%emt 0:00:23]} Re8 {[%emt 0:02:05]} 11. Bc2 {[%emt 0:05:21]} a5 {[%emt 0:03:06]} 12. Qd3 {[%emt 0:02:19]} Bxf3 {[%emt 0:01:56]} 13. Qxf3 {[%emt 0:00:18]} c6 {[%emt 0:00:06]} 14. Qd3 {[%emt 0:01:39]} Nf8 {[%emt 0:02:53]} 15. b3 {[%emt 0:02:17]} Qc7 {[%emt 0:01:00]} 16. Bb2 {[%emt 0:00:16]} Red8 {[%emt 0:01:23]} 1/2-1/2